Top 20 classement fifa - Statistiques

Statistiques générales
  • Ce quiz a été pris 242 fois
    201 depuis la dernière actualisation
  • Le résultat moyen est 16 sur 20
Statistiques - réponses
Placement Pays % Correct
3 France
100%
2 Argentine
98%
1 Brésil
97%
4 Belgique
96%
10 Espagne
96%
5 Angleterre
92%
9 Portugal
92%
8 Italie
91%
14 Allemagne
88%
11 Maroc
88%
6 Pays bas
80%
7 Croatie
73%
12 Suisse
69%
16 Uruguay
68%
20 Japon
64%
15 Mexique
59%
13 Etats Unis
58%
17 Colombie
57%
19 Sénégal
56%
18 Danemark
52%
Aucun quiz correspondant
Distribution des résultats
% des personnes avec chaque résultat
Percentile par nombre de réponses
Votre historique - résultats
Vous n’avez pas pris ce quiz depuis la dernière actualisation